[Event "SVK-chT1W 1718"]
[Site "Slovakia"]
[Date "2018.02.18"]
[Round "9.4"]
[White "Debnar, Lubos"]
[Black "Bombek, Peter"]
[Result "1-0"]
[WhiteElo "2279"]
[BlackElo "2252"]
[PlyCount "65"]
[EventDate "2017.10.21"]
[EventType "team-tourn"]
[EventRounds "11"]
[EventCountry "SVK"]
[SourceTitle "EXT 2019"]
[Source "ChessBase"]
[SourceDate "2018.10.10"]
[SourceVersion "1"]
[SourceVersionDate "2018.10.10"]
[SourceQuality "1"]
[WhiteTeam "Nitra NSK"]
[BlackTeam "Dubnica nad Vahom II"]
[WhiteTeamCountry "SVK"]
[BlackTeamCountry "SVK"]

1. d4 Nf6 2. c4 e6 3. Nc3 d5 4. Bg5 Be7 5. cxd5 exd5 6. Qc2 c6 7. e3 Nbd7 8. Bd3 h6 9. Bf4 Nh5 10. Be5 Nxe5 11. dxe5 g5 12. Nge2 Bd7 13. 0-0 Rg8 14. Nd4 Ng7 15. e4 Qb6 16. Nf5 dxe4 17. Nxg7+ Rxg7 18. Bxe4 0-0-0 19. Nd5 Qc5 20. b4 cxd5 21. bxc5 dxe4 22. Qxe4 Rg6 23. Rfd1 Rc6 24. Qc4 Bxc5 25. Qxf7 Rc7 26. e6 Ba4 27. Rxd8+ Kxd8 28. Qf6+ Ke8 29. Qxh6 Bd4 30. Re1 Rc2 31. Qh5+ Kd8 32. Qxg5+ Kc8 33. Rc1 1-0

[Event "SVK-chT1W 1516"]
[Site "Slovakia"]
[Date "2016.03.19"]
[Round "10.4"]
[White "Debnar, Lubos"]
[Black "Macko, Miroslav"]
[Result "0-1"]
[WhiteElo "2305"]
[BlackElo "2168"]
[PlyCount "79"]
[EventDate "2015.10.24"]
[EventType "team-tourn"]
[EventRounds "11"]
[EventCountry "SVK"]
[SourceTitle "EXT 2017"]
[Source "ChessBase"]
[SourceDate "2016.10.25"]
[SourceVersion "1"]
[SourceVersionDate "2016.10.25"]
[SourceQuality "1"]
[WhiteTeam "Nitra"]
[BlackTeam "Bratislava Lokomotiva"]
[WhiteTeamCountry "SVK"]
[BlackTeamCountry "SVK"]

1. d4 Nf6 2. c4 c5 3. d5 b5 4. cxb5 a6 5. bxa6 g6 6. Nc3 Bxa6 7. e4 Bxf1 8. Kxf1 d6 9. g3 Bg7 10. Kg2 0-0 11. Nf3 Nbd7 12. a4 Ra6 13. Qc2 Qa8 14. Rd1 Rb8 15. Ra3 Rb4 16. Kg1 Nb6 17. b3 c4 18. bxc4 Nfd7 19. Qd3 Nc5 20. Qc2 Nxc4 21. Ra2 Rb3 22. Nd4 Rb7 23. Nc6 Ne5 24. Nxe5 Bxe5 25. Be3 Rb4 26. Bxc5 dxc5 27. Ra3 c4 28. Rb1 Rxb1+ 29. Qxb1 Qa7 30. Qb5 Rf6 31. Nd1 Qd4 32. Ne3 Qd2 33. Ng4 Qd1+ 34. Kg2 Qxg4 35. Qxc4 Qd1 36. a5 Qd2 37. Qf1 Bd4 38. Rf3 Rxf3 39. Kxf3 Qxa5 40. Qd3 0-1

[Event "SVK-chT1W 1516"]
[Site "Slovakia"]
[Date "2016.02.21"]
[Round "9.5"]
[White "Karas, Marek"]
[Black "Debnar, Lubos"]
[Result "1/2-1/2"]
[WhiteElo "2280"]
[BlackElo "2305"]
[PlyCount "79"]
[EventDate "2015.10.24"]
[EventType "team-tourn"]
[EventRounds "11"]
[EventCountry "SVK"]
[SourceTitle "EXT 2017"]
[Source "ChessBase"]
[SourceDate "2016.10.25"]
[SourceVersion "1"]
[SourceVersionDate "2016.10.25"]
[SourceQuality "1"]
[WhiteTeam "Osuske"]
[BlackTeam "Nitra"]
[WhiteTeamCountry "SVK"]
[BlackTeamCountry "SVK"]

1. d4 Nf6 2. c4 e6 3. Nc3 Bb4 4. Qc2 d5 5. cxd5 exd5 6. Nf3 0-0 7. Bg5 c6 8. e3 Nbd7 9. Bd3 Be7 10. 0-0 Re8 11. Rab1 a5 12. a3 Nf8 13. b4 axb4 14. axb4 b5 15. Ne5 Bb7 16. Ne2 Ra6 17. Qb2 Qb6 18. Bc2 h6 19. Bxf6 Bxf6 20. Nd3 Nd7 21. Nec1 Qc7 22. Nb3 Nb6 23. Ndc5 Ra7 24. Ra1 Nc4 25. Qc3 Rea8 26. Rxa7 Rxa7 27. Ra1 Bc8 28. Rxa7 Qxa7 29. Qa1 Qxa1+ 30. Nxa1 Kf8 31. Kf1 Ke7 32. Ke2 Kd6 33. Nab3 Bd8 34. Nd2 Nxd2 35. Kxd2 h5 36. Nd3 Bf6 37. Nf4 g6 38. Ne2 Be7 39. Kc3 Bh4 40. Ng3 1/2-1/2

[Event "SVK-chT2B 1415"]
[Site "Slovakia"]
[Date "2014.11.08"]
[Round "3.3"]
[White "Debnar, Lubos"]
[Black "Szegi, Tamas"]
[Result "1/2-1/2"]
[WhiteElo "2269"]
[BlackElo "2186"]
[PlyCount "37"]
[EventDate "2014.10.11"]
[EventType "team-tourn"]
[EventRounds "11"]
[EventCountry "SVK"]
[SourceTitle "EXT 2019"]
[Source "ChessBase"]
[SourceDate "2018.10.10"]
[SourceVersion "1"]
[SourceVersionDate "2018.10.10"]
[SourceQuality "1"]
[WhiteTeam "Topolcianky SK"]
[BlackTeam "Batorove Kosihy"]
[WhiteTeamCountry "SVK"]
[BlackTeamCountry "SVK"]

1. d4 Nf6 2. c4 g6 3. Nc3 d5 4. cxd5 Nxd5 5. e4 Nxc3 6. bxc3 Bg7 7. Bc4 c5 8. Ne2 Nc6 9. Be3 0-0 10. 0-0 Bg4 11. f3 cxd4 12. cxd4 Na5 13. Bd3 Be6 14. Rc1 Bxa2 15. Qa4 Be6 16. d5 Bd7 17. Qb4 b6 18. Ba6 Bc8 19. Bb5 1/2-1/2

[Event "SVK-chT2B 1415"]
[Site "Slovakia"]
[Date "2014.10.11"]
[Round "1.3"]
[White "Debnar, Lubos"]
[Black "Skreno, Vladimir"]
[Result "1/2-1/2"]
[WhiteElo "2269"]
[BlackElo "2244"]
[PlyCount "21"]
[EventDate "2014.10.11"]
[EventType "team-tourn"]
[EventRounds "11"]
[EventCountry "SVK"]
[SourceTitle "EXT 2019"]
[Source "ChessBase"]
[SourceDate "2018.10.10"]
[SourceVersion "1"]
[SourceVersionDate "2018.10.10"]
[SourceQuality "1"]
[WhiteTeam "Topolcianky SK"]
[BlackTeam "Nitra NSK II"]
[WhiteTeamCountry "SVK"]
[BlackTeamCountry "SVK"]

1. d4 Nf6 2. c4 e6 3. Nc3 d5 4. cxd5 exd5 5. Bg5 c6 6. Nf3 Be7 7. Qc2 Nbd7 8. e3 0-0 9. Bd3 Re8 10. 0-0 b6 11. Bf4 1/2-1/2

[Event "SVK-chT1W 1314"]
[Site "Slovakia"]
[Date "2014.03.23"]
[Round "11.1"]
[White "Schwarz, Dusan"]
[Black "Debnar, Lubos"]
[Result "1/2-1/2"]
[WhiteElo "2390"]
[BlackElo "2260"]
[PlyCount "97"]
[EventDate "2013.10.12"]
[EventType "team-tourn"]
[EventRounds "11"]
[EventCountry "SVK"]
[SourceTitle "EXT 2015"]
[Source "ChessBase"]
[SourceDate "2014.11.20"]
[SourceVersion "1"]
[SourceVersionDate "2014.11.20"]
[SourceQuality "1"]
[WhiteTeam "Bratislava Doprastav II"]
[BlackTeam "Nitra"]
[WhiteTeamCountry "SVK"]
[BlackTeamCountry "SVK"]

1. e4 c6 2. d4 d5 3. exd5 cxd5 4. c4 Nf6 5. Nc3 e6 6. Nf3 Bb4 7. cxd5 Nxd5 8. Qc2 Nc6 9. Be2 0-0 10. 0-0 Nxc3 11. bxc3 Be7 12. Bd3 h6 13. Qe2 Bd7 14. Qe4 f5 15. Qe2 Bf6 16. Rb1 Qc7 17. g3 e5 18. Nxe5 Nxe5 19. Bf4 Rae8 20. dxe5 Bxe5 21. Bxe5 Rxe5 22. Bc4+ Kh8 23. Rxb7 Qc5 24. Qd3 Bc6 25. Rc7 Re4 26. Rxc6 Qxc6 27. Bd5 Qa4 28. Bxe4 fxe4 29. Qd5 Qc2 30. Qb3 Qe2 31. c4 Rf3 32. Qb8+ Kh7 33. Qb1 Qxc4 34. Re1 Rd3 35. Qb7 Ra3 36. Rxe4 Qxa2 37. Re7 Qa1+ 38. Kg2 Qd4 39. Rd7 Qe5 40. Rd8 Ra4 41. Qc8 Qe4+ 42. Kh3 Ra5 43. Rh8+ Kg6 44. Qg4+ Qxg4+ 45. Kxg4 h5+ 46. Kf3 Ra3+ 47. Ke2 Ra2+ 48. Ke3 Ra3+ 49. Ke2 1/2-1/2

[Event "SVK-chT2B 1314"]
[Site "Slovakia"]
[Date "2014.02.22"]
[Round "8.6"]
[White "Jostic, Peter"]
[Black "Debnar, Lubos"]
[Result "0-1"]
[WhiteElo "2062"]
[BlackElo "2260"]
[PlyCount "70"]
[EventDate "2013.10.19"]
[EventType "team-tourn"]
[EventRounds "11"]
[EventCountry "SVK"]
[SourceTitle "EXT 2015"]
[Source "ChessBase"]
[SourceDate "2014.11.20"]
[SourceVersion "1"]
[SourceVersionDate "2014.11.20"]
[SourceQuality "1"]
[WhiteTeam "Trencin II"]
[BlackTeam "Topolcianky"]
[WhiteTeamCountry "SVK"]
[BlackTeamCountry "SVK"]

1. d4 Nf6 2. Nc3 d5 3. Bg5 Nbd7 4. f3 h6 5. Bh4 g5 6. Bf2 Bg7 7. e4 dxe4 8. fxe4 Nb6 9. Be2 0-0 10. h4 e5 11. hxg5 hxg5 12. d5 c6 13. Qd2 cxd5 14. Qxg5 d4 15. 0-0-0 Re8 16. Bb5 Ng4 17. Qxd8 Rxd8 18. Bh4 Rd6 19. Nf3 Ne3 20. Rd3 Nxg2 21. Bg3 f6 22. Nd1 a6 23. Be8 Be6 24. Bg6 Nc4 25. b3 Nce3 26. Nxe3 Nxe3 27. c3 Rc6 28. Kd2 Bh6 29. Ke2 Kg7 30. Nh4 Rxc3 31. Rxc3 dxc3 32. Bh5 Rd8 33. Rg1 Rd2+ 34. Kf3 Rd1 35. Be1+ Bg5 0-1

[Event "SVK-chT1W 1314"]
[Site "Slovakia"]
[Date "2014.02.02"]
[Round "7.1"]
[White "Janko, Zoltan"]
[Black "Debnar, Lubos"]
[Result "1/2-1/2"]
[WhiteElo "2269"]
[BlackElo "2260"]
[PlyCount "60"]
[EventDate "2013.10.12"]
[EventType "team-tourn"]
[EventRounds "11"]
[EventCountry "SVK"]
[SourceTitle "EXT 2015"]
[Source "ChessBase"]
[SourceDate "2014.11.20"]
[SourceVersion "1"]
[SourceVersionDate "2014.11.20"]
[SourceQuality "1"]
[WhiteTeam "Komarno"]
[BlackTeam "Nitra"]
[WhiteTeamCountry "SVK"]
[BlackTeamCountry "SVK"]

1. e4 c6 2. d4 d5 3. Nc3 dxe4 4. Nxe4 Bf5 5. Ng3 Bg6 6. f4 e6 7. Nf3 Nf6 8. Bd3 Bd6 9. Ne5 0-0 10. 0-0 Nbd7 11. Bxg6 hxg6 12. c4 c5 13. Be3 Qc7 14. Nxd7 Nxd7 15. Ne4 cxd4 16. Qxd4 Be7 17. Rfd1 Rfd8 18. Qc3 Qc6 19. Qc2 f5 20. Ng5 Bxg5 21. fxg5 Ne5 22. Bd4 Nf7 23. Qc3 Nxg5 24. Qg3 Ne4 25. Qxg6 Rd7 26. Be3 Rad8 27. Rxd7 Qxd7 28. Re1 Rf8 29. g3 b6 30. b3 Qd6 1/2-1/2

[Event "SVK-chT2B 1213"]
[Site "Slovakia"]
[Date "2013.03.16"]
[Round "10.5"]
[White "Gazik, Igor"]
[Black "Debnar, Lubos"]
[Result "1-0"]
[WhiteElo "2314"]
[BlackElo "2291"]
[PlyCount "67"]
[EventDate "2012.10.13"]
[EventType "team-tourn"]
[EventRounds "11"]
[EventCountry "SVK"]
[SourceTitle "EXT 2015"]
[Source "ChessBase"]
[SourceDate "2014.11.20"]
[SourceVersion "1"]
[SourceVersionDate "2014.11.20"]
[SourceQuality "1"]
[WhiteTeam "Bojnice"]
[BlackTeam "Topolcianky"]
[WhiteTeamCountry "SVK"]
[BlackTeamCountry "SVK"]

1. d4 Nf6 2. Nf3 e6 3. e3 b6 4. Bd3 Bb7 5. Nbd2 c5 6. c3 cxd4 7. cxd4 Nc6 8. 0-0 Be7 9. e4 0-0 10. Re1 Rc8 11. a3 d6 12. b4 Re8 13. Bb2 d5 14. e5 Nd7 15. Re3 f6 16. exf6 Bxf6 17. Ne5 Nf8 18. Ndf3 Rc7 19. Qe2 g6 20. Re1 Bg7 21. Ng4 Bc8 22. h4 Rf7 23. b5 Na5 24. Nfe5 Rc7 25. Rh3 Nc4 26. Bc1 Nxe5 27. dxe5 d4 28. Bg5 Qd5 29. h5 Bb7 30. Rg3 Rc3 31. Nf6+ Bxf6 32. Bxf6 Qd7 33. Qg4 Qf7 34. Qxd4 1-0

[Event "SVK-chT2B 1213"]
[Site "Slovakia"]
[Date "2012.12.16"]
[Round "6.1"]
[White "Riabov, Alexander"]
[Black "Debnar, Lubos"]
[Result "1/2-1/2"]
[WhiteElo "2075"]
[BlackElo "2291"]
[PlyCount "54"]
[EventDate "2012.10.13"]
[EventType "team-tourn"]
[EventRounds "11"]
[EventCountry "SVK"]
[SourceTitle "EXT 2015"]
[Source "ChessBase"]
[SourceDate "2014.11.20"]
[SourceVersion "1"]
[SourceVersionDate "2014.11.20"]
[SourceQuality "1"]
[WhiteTeam "Topolcany"]
[BlackTeam "Topolcianky"]
[WhiteTeamCountry "SVK"]
[BlackTeamCountry "SVK"]

1. e4 c5 2. Nf3 d6 3. d4 cxd4 4. Nxd4 Nf6 5. Nc3 a6 6. Bg5 e6 7. Qd2 Be7 8. 0-0-0 b5 9. Bd3 Bb7 10. Kb1 Nbd7 11. f3 b4 12. Nce2 Nxe4 13. Bxe4 Bxg5 14. Qxb4 Bxe4 15. fxe4 Qc7 16. Nb3 Be7 17. Qc3 Rc8 18. Qxc7 Rxc7 19. Rd4 Ne5 20. Ra4 Rc6 21. Nf4 Kd7 22. Nd3 Nxd3 23. cxd3 Bf6 24. Na5 Rb6 25. Nc4 Rc6 26. Na5 Rb6 27. Nc4 Rc6 1/2-1/2

[Event "SVK-chT 1213"]
[Site "Slovakia"]
[Date "2012.10.28"]
[Round "2.1"]
[White "Farkas, Gabor"]
[Black "Debnar, Lubos"]
[Result "0-1"]
[WhiteElo "2293"]
[BlackElo "2291"]
[PlyCount "56"]
[EventDate "2012.10.27"]
[EventType "team-tourn"]
[EventRounds "11"]
[EventCountry "SVK"]
[SourceTitle "EXT 2013"]
[Source "ChessBase"]
[SourceDate "2012.11.22"]
[SourceVersion "1"]
[SourceVersionDate "2012.11.22"]
[SourceQuality "1"]
[WhiteTeam "Cadca"]
[BlackTeam "Nitra"]
[WhiteTeamCountry "SVK"]
[BlackTeamCountry "SVK"]

1. e4 c6 2. d4 d5 3. exd5 cxd5 4. Bd3 Nf6 5. Bf4 Nc6 6. c3 Bg4 7. Ne2 e6 8. Qb3 Qd7 9. Ng3 Bd6 10. Bxd6 Qxd6 11. 0-0 0-0 12. Na3 a6 13. Qc2 e5 14. dxe5 Nxe5 15. Bf5 Rfe8 16. Rad1 Bxd1 17. Rxd1 Qc5 18. Qc1 Rad8 19. Nc2 Nc6 20. Qg5 h6 21. Qf4 Qc4 22. Qc7 Re7 23. Qb6 Rde8 24. Bd3 Qf4 25. Nf5 Re6 26. Nce3 Ne5 27. Qxb7 Nxd3 28. Rxd3 Qxf5 0-1

[Event "SVK-chT1W 1112"]
[Site "Slovakia"]
[Date "2011.12.10"]
[Round "5.4"]
[White "Hanko, Pavol"]
[Black "Debnar, Lubos"]
[Result "0-1"]
[WhiteElo "2138"]
[BlackElo "2266"]
[PlyCount "50"]
[EventDate "2011.10.15"]
[EventType "team-tourn"]
[EventRounds "11"]
[EventCountry "SVK"]
[SourceTitle "EXT 2013"]
[Source "ChessBase"]
[SourceDate "2012.11.22"]
[SourceVersion "1"]
[SourceVersionDate "2012.11.22"]
[SourceQuality "1"]
[WhiteTeam "Prievidza II"]
[BlackTeam "Nitra"]
[WhiteTeamCountry "SVK"]
[BlackTeamCountry "SVK"]

1. d4 Nf6 2. Nf3 e6 3. c4 b6 4. g3 Ba6 5. b3 Bb4+ 6. Bd2 Be7 7. Bg2 c6 8. Nc3 d5 9. 0-0 0-0 10. cxd5 cxd5 11. Ne5 Nfd7 12. f4 Nxe5 13. fxe5 Nc6 14. Be3 Rc8 15. Rc1 Ba3 16. Rb1 Nxe5 17. Nxd5 Ng4 18. Bf3 h5 19. h3 Nxe3 20. Nxe3 Qg5 21. Ng2 Bd6 22. g4 hxg4 23. Bxg4 f5 24. Bf3 Qg3 25. b4 Rc3 0-1

[Event "SVK-chT1W 1011"]
[Site "Slovakia"]
[Date "2011.03.19"]
[Round "8"]
[White "Debnar, Lubos"]
[Black "Pinter, Erik"]
[Result "1/2-1/2"]
[WhiteElo "2290"]
[BlackElo "2379"]
[PlyCount "33"]
[EventDate "2010.11.06"]
[EventType "team-tourn"]
[EventRounds "11"]
[EventCountry "SVK"]
[SourceTitle "EXT 2012"]
[Source "ChessBase"]
[SourceDate "2011.11.24"]
[SourceVersion "1"]
[SourceVersionDate "2011.11.24"]
[SourceQuality "1"]
[WhiteTeam "Nitra"]
[BlackTeam "Bratislava Doprastav"]
[WhiteTeamCountry "SVK"]
[BlackTeamCountry "SVK"]

1. d4 Nf6 2. c4 g6 3. Nc3 d5 4. cxd5 Nxd5 5. e4 Nxc3 6. bxc3 Bg7 7. Bc4 c5 8. Ne2 Nc6 9. Be3 0-0 10. 0-0 Bd7 11. Rb1 a6 12. dxc5 Qc7 13. Nd4 Na5 14. Be2 Rfd8 15. Qc1 Rdc8 16. Rd1 e6 17. Nb3 1/2-1/2

[Event "SVK-chT2B 0910"]
[Site "Slovakia"]
[Date "2010.02.28"]
[Round "11"]
[White "Csiba, Dominik"]
[Black "Debnar, Lubos"]
[Result "1/2-1/2"]
[WhiteElo "2353"]
[BlackElo "2283"]
[PlyCount "62"]
[EventDate "2009.10.10"]
[EventType "team"]
[EventRounds "11"]
[EventCountry "SVK"]
[SourceTitle "EXT 2011"]
[Source "ChessBase"]
[SourceDate "2010.11.26"]
[SourceVersion "1"]
[SourceVersionDate "2010.11.26"]
[SourceQuality "1"]
[WhiteTeam "Prievidza II"]
[BlackTeam "Topolcianky"]
[WhiteTeamCountry "SVK"]
[BlackTeamCountry "SVK"]

1. e4 c5 2. Nf3 d6 3. d4 cxd4 4. Nxd4 Nf6 5. Nc3 a6 6. h3 e6 7. g4 b5 8. Bg2 Bb7 9. 0-0 Qc7 10. Re1 Be7 11. a4 b4 12. Na2 d5 13. exd5 Nxd5 14. Nf5 exf5 15. Bxd5 0-0 16. Bf4 Qxf4 17. Rxe7 Bc6 18. c4 a5 19. Nc1 fxg4 20. Qxg4 Qd6 21. Re3 Bxd5 22. Qd4 Nc6 23. Qxd5 Qf6 24. Nd3 Rfd8 25. Rae1 h6 26. Qf3 Qxf3 27. Rxf3 Nd4 28. Rg3 Nf5 29. Rf3 Nd4 30. Rg3 Nf5 31. Rf3 Nd4 1/2-1/2

[Event "SVK-chT 0910"]
[Site "Slovakia"]
[Date "2010.02.20"]
[Round "7"]
[White "Debnar, Lubos"]
[Black "Lednicky, Martin"]
[Result "1-0"]
[WhiteElo "2283"]
[BlackElo "2235"]
[PlyCount "83"]
[EventDate "2009.10.24"]
[EventType "team-tourn"]
[EventRounds "11"]
[EventCountry "SVK"]
[SourceTitle "EXT 2019"]
[Source "ChessBase"]
[SourceDate "2018.10.10"]
[SourceVersion "1"]
[SourceVersionDate "2018.10.10"]
[SourceQuality "1"]
[WhiteTeam "Nitra"]
[BlackTeam "Zilina Mladost"]
[WhiteTeamCountry "SVK"]
[BlackTeamCountry "SVK"]

1. d4 d5 2. c4 c6 3. Nf3 Nf6 4. Nc3 a6 5. cxd5 cxd5 6. g3 Nc6 7. Bg2 e6 8. 0-0 b5 9. Bg5 Be7 10. Ne5 Bb7 11. Bxf6 Bxf6 12. f4 Qb6 13. e3 Rd8 14. Nd3 Na5 15. Nc5 Nc4 16. Qe2 Bc6 17. b3 Nd6 18. Rfe1 Nf5 19. Rad1 h5 20. Bf3 g6 21. Qf2 Qa5 22. Qd2 Be7 23. Rc1 Qb6 24. Nd1 g5 25. Nf2 gxf4 26. exf4 Rd6 27. b4 Bf6 28. Re5 Bd7 29. Rd1 Bc8 30. Qe2 Bxe5 31. fxe5 Rc6 32. Bxh5 Qd8 33. Ng4 Qg5 34. Nf6+ Ke7 35. Rd3 Qc1+ 36. Kg2 Qb1 37. Qd2 Kf8 38. g4 Ng7 39. Rf3 Nxh5 40. gxh5 a5 41. Rg3 Qf5 42. Qh6+ 1-0

[Event "Piestany op"]
[Site "Piestany"]
[Date "2009.07.31"]
[Round "7"]
[White "Banas, Jan"]
[Black "Debnar, Lubos"]
[Result "1-0"]
[WhiteElo "2366"]
[BlackElo "2285"]
[PlyCount "71"]
[EventDate "2009.07.26"]
[EventType "swiss"]
[EventRounds "7"]
[EventCountry "SVK"]
[SourceTitle "EXT 2010"]
[Source "ChessBase"]
[SourceDate "2010.11.25"]
[SourceVersion "1"]
[SourceVersionDate "2010.11.25"]
[SourceQuality "1"]

1. d4 Nf6 2. Nf3 e6 3. e3 b6 4. Bd3 Bb7 5. 0-0 Be7 6. Nbd2 c5 7. c3 cxd4 8. exd4 0-0 9. Re1 d6 10. Nf1 a6 11. a4 Nc6 12. Ng3 Re8 13. Bc2 Bf8 14. Qd3 h6 15. h4 Nb8 16. Nh2 Nbd7 17. Ng4 e5 18. d5 Be7 19. Bxh6 Nf8 20. Nxf6+ Bxf6 21. Bd2 Bxh4 22. Nf5 Bf6 23. c4 Bc8 24. Ng3 g6 25. a5 Bg7 26. Ba4 Nd7 27. Ne4 b5 28. cxb5 f5 29. Ng5 Nc5 30. Qh3 Qf6 31. b6 Nxa4 32. Rxa4 Bb7 33. Qh7+ Kf8 34. Ne6+ Rxe6 35. dxe6 f4 36. Rxf4 1-0

[Event "SVK-chT2B 0809"]
[Site "Slovakia"]
[Date "2009.03.01"]
[Round "11.1"]
[White "Berek, Geza"]
[Black "Debnar, Lubos"]
[Result "1-0"]
[WhiteElo "2258"]
[BlackElo "2316"]
[PlyCount "49"]
[EventDate "2008.10.11"]
[EventType "team-tourn"]
[EventRounds "11"]
[EventCountry "SVK"]
[SourceTitle "EXT 2010"]
[Source "ChessBase"]
[SourceDate "2010.11.25"]
[SourceVersion "1"]
[SourceVersionDate "2010.11.25"]
[SourceQuality "1"]
[WhiteTeam "Batorove Kosihy"]
[BlackTeam "Topolcianky SK"]
[WhiteTeamCountry "SVK"]
[BlackTeamCountry "SVK"]

1. e4 c5 2. Nf3 d6 3. d4 cxd4 4. Nxd4 Nf6 5. Nc3 a6 6. Bg5 e6 7. f4 Qb6 8. Qd2 Qxb2 9. Rb1 Qa3 10. f5 Nc6 11. fxe6 fxe6 12. Nxc6 bxc6 13. e5 dxe5 14. Bxf6 gxf6 15. Be2 h5 16. Ne4 Be7 17. Rb3 Qxa2 18. Nxf6+ Bxf6 19. 0-0 Ra7 20. Qd6 Qa4 21. Rb4 Qxc2 22. Rxf6 Qc1+ 23. Bf1 Qe3+ 24. Kh1 Rf7 25. Rxe6+ 1-0

[Event "SVK-chT2B 0809"]
[Site "Slovakia"]
[Date "2009.02.28"]
[Round "10.1"]
[White "Debnar, Lubos"]
[Black "Janko, Michal"]
[Result "1-0"]
[WhiteElo "2316"]
[BlackElo "2155"]
[PlyCount "107"]
[EventDate "2008.10.11"]
[EventType "team-tourn"]
[EventRounds "11"]
[EventCountry "SVK"]
[SourceTitle "EXT 2010"]
[Source "ChessBase"]
[SourceDate "2010.11.25"]
[SourceVersion "1"]
[SourceVersionDate "2010.11.25"]
[SourceQuality "1"]
[WhiteTeam "Topolcianky SK"]
[BlackTeam "Nove Zamky Basta II"]
[WhiteTeamCountry "SVK"]
[BlackTeamCountry "SVK"]

1. d4 e6 2. c4 b6 3. e4 Bb7 4. Bd3 f5 5. Nc3 Bb4 6. Qe2 Nf6 7. Bg5 fxe4 8. Bxf6 exd3 9. Qh5+ g6 10. Qg5 Be7 11. Bxe7 Qxe7 12. Qg3 Qb4 13. 0-0-0 Qxc4 14. Nf3 Nc6 15. Qxc7 Ba6 16. Kb1 Rc8 17. Qd6 Qb4 18. Ne4 Rf8 19. Qxb4 Nxb4 20. Nd6+ Ke7 21. Nxc8+ Rxc8 22. a3 Nd5 23. Ne5 Rc2 24. Rhf1 Nf4 25. Nxd3 Bxd3 26. Rxd3 Re2 27. Re3 Rd2 28. Kc1 Rxd4 29. g3 Nd5 30. Re2 Rc4+ 31. Rc2 Re4 32. Kd1 Kd6 33. Re1 Rd4+ 34. Rd2 Rc4 35. h4 b5 36. Rd3 a5 37. Re2 b4 38. Rc2 Re4 39. Rc8 Ke5 40. Rh8 h5 41. Rg8 bxa3 42. Rxa3 Rb4 43. Kc1 Rc4+ 44. Kb1 Nb4 45. Rxg6 Kd4 46. Rc3 Rxc3 47. bxc3+ Kxc3 48. g4 d5 49. gxh5 d4 50. h6 a4 51. h7 a3 52. h8Q Kb3 53. Qxd4 a2+ 54. Kc1 1-0

[Event "SVK-chT 0809"]
[Site "Slovakia"]
[Date "2008.11.30"]
[Round "4"]
[White "Debnar, Lubos"]
[Black "Zambor, Norbert"]
[Result "1/2-1/2"]
[WhiteElo "2316"]
[BlackElo "2308"]
[PlyCount "49"]
[EventDate "2008.10.25"]
[EventType "team-tourn"]
[EventRounds "11"]
[EventCountry "SVK"]
[SourceTitle "EXT 2019"]
[Source "ChessBase"]
[SourceDate "2018.10.10"]
[SourceVersion "1"]
[SourceVersionDate "2018.10.10"]
[SourceQuality "1"]
[WhiteTeam "Nitra"]
[BlackTeam "Kosice Slavia"]
[WhiteTeamCountry "SVK"]
[BlackTeamCountry "SVK"]

1. d4 Nf6 2. c4 c5 3. d5 d6 4. Nc3 g6 5. e4 Bg7 6. h3 0-0 7. Nf3 Na6 8. Be2 Nc7 9. Bf4 Nd7 10. 0-0 Ne5 11. Nxe5 dxe5 12. Bg5 Ne8 13. Qd2 Nd6 14. Rfe1 b6 15. a4 Bd7 16. Bf1 a6 17. Kh1 Rb8 18. Rab1 a5 19. Rbd1 Qe8 20. b3 Rd8 21. Bh4 f6 22. Bg3 g5 23. Be2 h5 24. Qe3 Qg6 25. Bf1 1/2-1/2

[Event "SVK-chT2B 0809"]
[Site "Slovakia"]
[Date "2008.11.09"]
[Round "4.1"]
[White "Struhar, Jan"]
[Black "Debnar, Lubos"]
[Result "0-1"]
[WhiteElo "2181"]
[BlackElo "2316"]
[PlyCount "42"]
[EventDate "2008.10.11"]
[EventType "team-tourn"]
[EventRounds "11"]
[EventCountry "SVK"]
[SourceTitle "EXT 2010"]
[Source "ChessBase"]
[SourceDate "2010.11.25"]
[SourceVersion "1"]
[SourceVersionDate "2010.11.25"]
[SourceQuality "1"]
[WhiteTeam "Belusa Hermes"]
[BlackTeam "Topolcianky SK"]
[WhiteTeamCountry "SVK"]
[BlackTeamCountry "SVK"]

1. e4 c5 2. Nf3 d6 3. c3 Nf6 4. Bd3 g6 5. 0-0 Bg7 6. Re1 0-0 7. Bc2 Nc6 8. d4 cxd4 9. cxd4 Bg4 10. d5 Ne5 11. Nbd2 Rc8 12. h3 Nxf3+ 13. Nxf3 Bxf3 14. gxf3 Qd7 15. Kg2 Nh5 16. f4 Bxb2 17. Bxb2 Nxf4+ 18. Kg3 Qxh3+ 19. Kxf4 e5+ 20. Bxe5 dxe5+ 21. Kxe5 f6+ 0-1